000
00311 a2200133 4500
000
nam a22 7a 4500
100
_a
Shekh,J
110
_a
Shekh,J
245
_a
introduction to advertising and public relations
250
_a
latest edition
260
_b
asia
_c
2026
264
_b
asia
_c
2026
942
_c
BK
999
_c
397302
_d
397302